000 00790nam a2200265 a 4500
001 15860
003 BD-RjUL
005 20211208235911.0
008 720128s1962 nyua f 000 0 eng
035 _a(BD-RjUL)15915
040 _aDLC
_cYNG
_dSER
_dUKM
_dBD-RjUL
_beng
041 _aeng
082 _223
_a660.2
_bCLM 1962
100 1 _aClarke, Loyal.
_949189
245 1 0 _aManual for process engineering calculations /
_cby Loyal Clarke .
250 _a2d ed.
260 _aNew York :
_bMcGraw-Hill,
_c1962.
300 _avii,492 p. :
_billus. ;
_c24 cm.
650 0 _aChemical engineering
_xHandbooks, manuals, etc.
_949190
650 0 _aChemical processes
_9234439
700 1 _aDavidson, Robert L.
_9234577
942 _2ddc
_cBK
999 _c15860
_d15860